Aries Discography - Statistics

General Stats
  • This quiz has been taken 206 times
    20 since last reset
  • The average score is 41 of 51
Answer Stats
Answer % Correct
AMY'S GRAVE
100%
ANESTHESIA
100%
BOUNTY HUNTER
100%
CRACK IN THE GLASS
100%
GLASS JAW
100%
IN THE FLESH
100%
MISS U THE WORST
100%
PARTY PEOPLE
100%
RACECAR
100%
SLEEPWALKER (Feat. brakence)
100%
WILDFIRE
100%
90 DAYS
91%
BAD NEWS
91%
BLOSSOM
91%
CABIN FEVER
91%
CAROUSEL
91%
CONVERSATIONS
91%
DEITY
91%
ETA
91%
FOREVER
91%
HOME
91%
ONE PUNCH
91%
PONY
91%
RIDING
91%
SAYONARA
91%
SNAKE EYES
91%
WHEN THE LIGHTS GO OUT
91%
DEADMAN WUNDERLAND
82%
DEAD MEN TELL NO TALES
82%
DESPERADO
82%
DITTO
82%
FOOL'S GOLD
82%
GENIE
82%
KIDS ON MOLLY
82%
OUTDATED
82%
SIGN LANGUAGE
82%
DIE 4 NOTHING
73%
EASY
73%
SANTA MONICA
73%
HOW RUDE
64%
MISTY
64%
RED LIGHTS
64%
WICHITA BLUES
64%
THE NEIGHBORS
55%
UR NOT PRECIOUS
55%
LESS THAN FRIENDS
45%
Miles & Miles
45%
FUNERAL
36%
mr FANTASTIC
36%
LIMELIGHT
27%
UPSIDE DOWN
18%
No matching quizzes found
Score Distribution
Percent of People with Each Score
Percentile by Number Answered
Your Score History
You have not taken this quiz since the last reset